La Clasificacin̤ penitenciaria, permisos de salida y extranjeros en prisin̤ nuevo rǧimen jurd̕ico /

Detalles Bibliográficos
Autor principal: Leganš Gm̤ez, Santiago
Formato: Libro
Lenguaje:español
Publicado: Madrid : Dykinson, 2009
Materias:
Acceso en línea:Acceso restringido

MARC

LEADER 00000nam a2200000 a 4500
005 20120228144222.0
007 cr|||| ||||
008 100909s2009 sp |||||| 000 ||spa|c
017 |a DL M. 5475-2009 
020 |a 9788498494174 
035 |a 4792 
040 |d vLex 
090 |c 3045  |d 3045 
100 1 |a Leganš Gm̤ez, Santiago 
245 1 3 |a La Clasificacin̤ penitenciaria, permisos de salida y extranjeros en prisin̤  |h [Recurso electrn̤ico] :  |b nuevo rǧimen jurd̕ico /  |c Santiago Leganš Gm̤ez 
256 |a Servicio en ln̕ea 
260 |a Madrid :  |b Dykinson,  |c 2009 
300 |a 1 recurso electrn̤ico 
500 |a Incluye formularios 
504 |a Bibliografa̕ p. [569]-579 
506 1 |a Contenido solo disponible en los productos indicados  |d vLex Global   |d vLex Global (Academic Edition, excluding Law Schools)   |d vLex Global (U.S. Academic Edition, Law Schools)   |d vLex Global (U.S. Academic Edition, excluding Law Schools)   |d vLex Global (Academic Edition, Law Schools)  
650 0 4 |a Derecho penitenciario  |z Espaą 
650 0 4 |a Prisiones  |x Derecho  |z Espaą 
650 0 4 |a Libertad condicional  |z Espaą 
740 0 |a vLex Libros (Servicio en ln̕ea) 
856 4 0 |u http://vlex.com/source/clasificacion-penitenciaria-permisos-salida-extranjeros-prision-nuevo-regimen-juridico-4792  |z Acceso restringido 
942 |c BOOK